书目信息 |
| 题名: |
美术术语与技法词典
|
|
| 作者: | 迈耶 , 拉尔夫·迈耶 著 ;罗永进 , 樊林 , 邵宏 译 | |
| 分册: | ||
| 出版信息: | 南京 江苏教育出版社 2005 |
|
| 页数: | 552页 | |
| 开本: | 23cm | |
| 丛书名: | 西方艺术史丛书 | |
| 单 册: | ||
| 中图分类: | J-61 | |
| 科图分类: | ||
| 主题词: | 技法(美术)--词典 , 美术--名词术语--词典 , 艺术 | |
| 电子资源: | ||
| ISBN: | 7-5343-6188-5 | |
| 000 | 01674nam0 2200469 450 | |
| 000 | 01637nam0 2200457 450 | |
| 000 | 01600nam0 2200445 450 | |
| 000 | 01445nam0 2200409 450 | |
| 000 | 01427nam0 2200409 450 | |
| 000 | 01373nam0 2200385 450 | |
| 000 | 01358nam0 2200373 450 | |
| 000 | 01321nam0 2200361 45 | |
| 001 | TS2606029120 | |
| 005 | 20061229111318.68 | |
| 010 | @a7-5343-6188-5@dCNY39.80 | |
| 100 | @a20060829d2005 em y0chiy0110 ea | |
| 101 | 1 | @achi@ceng |
| 102 | @aCN@b320000 | |
| 105 | @aa a 001yy | |
| 200 | 1 | @a美术术语与技法词典@AMei Shu Shu Yu Yu Ji Fa Ci Dian@f(美)拉尔夫·迈耶(Ralph Mayer)著@F(mei)la er fu·mai ye(Ralph Mayer)zhu@g邵宏,罗永进,樊等译@zeng |
| 210 | @a南京@c江苏教育出版社@d2005 | |
| 215 | @a552页@c图@d23cm | |
| 225 | 2 | @a西方艺术史丛书 |
| 300 | @a年度出版瞬间 学术·思想·人生 | |
| 320 | @a有书目和索引 | |
| 330 | @a本书解释在视觉艺术的研究与教学实践中所涉及的专业术语与技法,内容包括油画、素描、雕塑、版画、陶艺以及相关领域。 | |
| 410 | 0 | @12001 @a西方艺术史丛书 |
| 510 | 1 | @aA Dictionary of Art Terms and Techniques@zeng |
| 510 | @aA Dictionary of Art Terms and Techniques | |
| 606 | @a技法(美术)@x词典 | |
| 606 | 0 | @a美术@x名词术语@x词典 |
| 606 | 0 | @a艺术 |
| 690 | @aJ-61@v4 | |
| 701 | 1 | @a迈耶@AMai Ye@g(Mayer,Ralph)@4著 |
| 701 | 0 | @a拉尔夫·迈耶@Ala er fu·mai ye@bRalphMayer@4著 |
| 702 | 0 | @a罗永进@ALuo Yong Jin@4译 |
| 702 | 0 | @a樊林@AFan Lin@4译 |
| 702 | 0 | @a邵宏@AShao Hong@4译 |
| 801 | 0 | @aCN@b中图数据@c20061229 |
| 905 | @a10447@dJ-61@e22 | |
| 美术术语与技法词典/(美)拉尔夫·迈耶(Ralph Mayer)著/邵宏,罗永进,樊等译.-南京:江苏教育出版社,2005 |
| 552页:图;23cm.-(西方艺术史丛书) |
| 年度出版瞬间 学术·思想·人生.-←并列题名:A Dictionary of Art Terms and Techniques |
| ISBN 7-5343-6188-5:CNY39.80 |
| 本书解释在视觉艺术的研究与教学实践中所涉及的专业术语与技法,内容包括油画、素描、雕塑、版画、陶艺以及相关领域。 |
| ● |
| 相关链接 |
|
|
|
|
正题名:美术术语与技法词典
索取号:J-61/22
 
预约/预借
| 序号 | 登录号 | 条形码 | 馆藏地/架位号 | 状态 | 备注 |
| 1 | 0602028 | 206020287 | 第一样本阅览室/ [索取号:J-61/22] | 在馆 | |
| 2 | 0602029 | 206020296 | 第一借阅区/ [索取号:J-61/22] | 在馆 |